00935 a2200193 4500003000500000005001700005040000900022082001200031100002600043245004400069260003100113300001100144505039800155538003300553650002000586942001200606999001900618952010400637Nust20170207154115.0 cNust a297.124 aTirmizi, Imam Abu Isa aShamail e tirmizicImam Abu Isa Tirmizi aIIUIbDa'wah Academyc1994 a284 P. aPhysiognomy Of The Prophet (SAW) (Page-9), Description Of Seal Of Prophethood (Page-22), Hair Of Prophet’s (SAW), (Page-28), Use Of Hair Dye (Page-40), Socks (Page-60), Manner Of Eating (Page-113), Curry (Page-143), Method Of Drinking (Page-171), Laughter (Page-182), The Chest Prayer (Page-209), The Holy Prophet’s Legacy (Page-272), Regarding Seeing The Holy Prophet In Dream (Page-275). aAlmirah No.42 and Shelf No.5 aTirmizi sharif  2ddccBK c194024d194024 00102ddc40708NFICaMCSbMCSd2016-12-12l0o297.124 TIRpMCS1991ar2016-12-08w2016-12-12yBK